Automated Groundwater Monitoring System with Real-time Data Collection and Analysis Using LoRa and GSM Technologies

Hlavným cieľom štúdie je vyvinúť a validovať inovatívny automatizovaný systém monitorovania podzemných vôd, ktorý využíva energeticky úspornú technológiu LoRa na zber a analýzu údajov v reálnom čase, čím prekonáva obmedzenia manuálnych metód a tradičných riešení GSM a zároveň zabezpečuje zvýšenú spo...

Descrizione completa

Salvato in:
Dettagli Bibliografici
Autore principale: Memonova, Gulrukh
Altri autori: Schmidt, Peter, 1968-, Tursunov, Javlon, Gofurova, Guljakhon
Natura: Capitolo di libro
Lingua:inglese
Soggetti:
Tags: Aggiungi Tag
Nessun Tag, puoi essere il primo ad aggiungerne!!

MARC

LEADER 00000naa$a2200000$$$4500
001 0312081
005 20250905102116.5
041 0 |a eng 
044 |a LV 
245 1 0 |a Automated Groundwater Monitoring System with Real-time Data Collection and Analysis Using LoRa and GSM Technologies  |c Gulrukh Memonova, Peter Schmidt, Javlon Tursunov, Guljakhon Gofurova 
520 |a Hlavným cieľom štúdie je vyvinúť a validovať inovatívny automatizovaný systém monitorovania podzemných vôd, ktorý využíva energeticky úspornú technológiu LoRa na zber a analýzu údajov v reálnom čase, čím prekonáva obmedzenia manuálnych metód a tradičných riešení GSM a zároveň zabezpečuje zvýšenú spoľahlivosť, škálovateľnosť a nákladovú efektívnosť. 
610 2 0 |a automatizácia 
610 2 0 |a systémy informačné 
610 2 0 |a voda podzemná 
610 2 0 |a zber dát 
610 2 0 |a analýza dát 
610 2 0 |a softvér 
100 1 |a Memonova, Gulrukh 
700 1 |a Schmidt, Peter, 1968- 
700 1 |a Tursunov, Javlon 
700 1 |a Gofurova, Guljakhon